000 01512nam a22003137a 4500
005 20240530110435.0
008 150407s2010 xxu f 000 0 eng d
017 _a2009/9681
_bمصر . دار الكتب المصرية
020 _a9784774792105 (مج .1 )
020 _a9789774792105 (مج.2 )
040 _aEG-CaGPL
082 0 4 _221
_a962.034
_bق/م أ
100 0 _aمحمد صبرى السوربونى
245 1 2 _aالامبراطورية المصرية فى عهد اسماعيل و التدخل الانجلوفرنسى ( 1863 - 1879 ) /
_cتاليف محمد صبرى السوربونى ؛ ترجمة ناجى رمضان عطية ، مراجعة و تقديم احمد زكريا الشلق
250 _aط1.
260 _aالقاهرة :
_bالمركز القومى للترجمة ،
_c2010.
300 _a2 مج ؛
_c24 سم.
490 _aالمشروع القومى للترجمة ؛
_vج 1 ، 1444.
490 _aالمشروع القومى للترجمة ؛
_vج 2 ، 1445.
650 0 4 _aقناة السويس
650 0 4 _aحرب الحبشة
651 0 4 _aمصر
_xتاريخ
_yالعصر الحديث
_yعصر اسماعيل
651 0 4 _aمصر
_xالاحوال السياسية
_yعصر اسماعيل
651 0 4 _aمصر
_xالتدخل الاجنبى
_yعصر اسماعيل
700 0 _aناجى رمضان عطية
_eمترجم
700 0 _aاحمد زكريا الشلق
_eمراجع و مقدم
942 _2ddc
_cBK
999 _c60930
_d60930